Statistics for Friends Trivia

Click here to take the quiz!

General Stats

  • This quiz has been taken 78,494 times
  • The average score is 14 of 20

Answer Stats

Question Answer % Correct
What is Chandler's last name?Bing
98%
What is the name of the
coffee shop?
Central Perk
93%
What is Joey's catchphrase?How YOU doin'?
91%
What soap opera does Joey star in?Days of Our Lives
82%
And what is the name of his character?Dr. {Drake} Ramoray
80%
Who is Chandler's girlfriend with
the incredibly nasal voice?
Janice
80%
What is Ross's field of study?Paleontology
80%
Who is Phoebe's twin sister?Ursula
78%
Who is the white-haired barista?Gunther
75%
Joey is hired to be Al Pacino's what?Butt Double
75%
What is the name of the theme song?I'll Be There For You
74%
What body part does Phoebe find
inside a can of soda?
Thumb
71%
What is the name of Ross's monkey?Marcel
69%
Who is Ross's first wife?Carol
65%
In what country did Ross
reconnect with Julie?
China
64%
Who is Santa's Tex-Mex friend?Holiday {Armadillo}
58%
What character is portrayed by
Tom Selleck?
Richard
52%
What famous actress
stars as "Susie Underpants"?
Julia Roberts
37%
What band sang the theme song?The Rembrandts
37%
In what New York neighborhood
do the characters live?
Greenwich Village
22%

Score Distribution

Percentile by Number Answered

Percent of People with Each Score

Your Score History

You have not taken this quiz